Statistics for Big U.S. Cities Closest to Seattle

Click here to take the quiz!

General Stats

  • This quiz has been taken 53 times
  • The average score is 5 of 10

Answer Stats

DistancesPopulationU.S. City% Correct
146.32,492,412Portland (OR)
98%
405.8749,202Boise
88%
229.3568,521Spokane
79%
188.4433,903Salem (OR)
64%
249.2382,067Eugene
62%
625.92,363,730Sacramento
60%
573.4475,642Reno
40%
669.8762,148Stockton
14%
634.7494,336Santa Rosa
12%
657.7447,643Vallejo
7%

Score Distribution

Percentile by Number Answered

Percent of People with Each Score

Your Score History

You have not taken this quiz